<?xml version="1.0" encoding="UTF-8"?><marc:collection xmlns:marc="http://www.loc.gov/MARC21/slim">
  <marc:record>
    <marc:leader>00000nam##2200000za#4500</marc:leader>
    <marc:controlfield tag="001">9.680278</marc:controlfield>
    <marc:controlfield tag="003">CaOODSP</marc:controlfield>
    <marc:controlfield tag="005">20200401054109</marc:controlfield>
    <marc:controlfield tag="007">ta</marc:controlfield>
    <marc:controlfield tag="008">150407|1997||||xxc|||||     f|0| 0 fre|d</marc:controlfield>
    <marc:datafield tag="020" ind1=" " ind2=" ">
      <marc:subfield code="a">0-662-82470-9</marc:subfield>
    </marc:datafield>
    <marc:datafield tag="040" ind1=" " ind2=" ">
      <marc:subfield code="a">CaOODSP</marc:subfield>
      <marc:subfield code="b">fre</marc:subfield>
    </marc:datafield>
    <marc:datafield tag="043" ind1=" " ind2=" ">
      <marc:subfield code="a">n-cn---</marc:subfield>
    </marc:datafield>
    <marc:datafield tag="086" ind1="1" ind2=" ">
      <marc:subfield code="a">Fs1-61/4-1997F</marc:subfield>
    </marc:datafield>
    <marc:datafield tag="110" ind1="1" ind2=" ">
      <marc:subfield code="a">Canada.</marc:subfield>
      <marc:subfield code="b">Ministère des pêches et des océans.</marc:subfield>
      <marc:subfield code="b">Conseil pour la conservation des ressources halieutiques.</marc:subfield>
    </marc:datafield>
    <marc:datafield tag="245" ind1="1" ind2="0">
      <marc:subfield code="a">Impératifs de conservation des stocks de poisson de fond du golfe du Saint-Laurent et des stocks de morue de 2GH, 2J3KL, 3Ps, 4VsW et de la plie grise de 3Ps : </marc:subfield>
      <marc:subfield code="b">rapport au ministre des Pêches et des Océans </marc:subfield>
    </marc:datafield>
    <marc:datafield tag="260" ind1=" " ind2=" ">
      <marc:subfield code="a">Ottawa - Ontario : </marc:subfield>
      <marc:subfield code="b">Pêches et Océans Canada. </marc:subfield>
      <marc:subfield code="c">1997.</marc:subfield>
    </marc:datafield>
    <marc:datafield tag="300" ind1=" " ind2=" ">
      <marc:subfield code="a">77p. : </marc:subfield>
      <marc:subfield code="b">figures, graphiques ; </marc:subfield>
      <marc:subfield code="c">28 cm.</marc:subfield>
    </marc:datafield>
    <marc:datafield tag="500" ind1=" " ind2=" ">
      <marc:subfield code="a">«Le présent rapport fait partie d'une série de comptes rendus préparés par le Conseil pour la conservation des ressources halieutiques (CCRH) dans le but de conseiller le ministre des Pêches et des Océans au sujet des besoins de conservation des stocks de poisson de fond de l'Atlantique et de l'est de l'Arctique pour 1998. Le présent rapport porte sur tous les stocks de poisson de fond du golfe du Saint-Laurent, les stocks de morue de 2GH, 2J3KL, 3Ps. et 4VsW, et la plie grise de 3Ps.»--Page 5.</marc:subfield>
    </marc:datafield>
    <marc:datafield tag="520" ind1="3" ind2=" ">
      <marc:subfield code="a">Le présent rapport fait partie d'une série de comptes rendus préparés par le Conseil pour la conservation des ressources halieutiques (CCRH) dans le but de conseiller le ministre des Pêches et des Océans au sujet des besoins de conservation des stocks de poisson de fond de l'Atlantique et de l'est de l'Arctique pour 1998. Le présent rapport porte sur tous les stocks de poisson de fond du golfe du Saint-Laurent, les stocks de morue de 2GH, 2J3KL, 3Ps. et 4VsW, et la plie grise de 3Ps.--Page 5</marc:subfield>
    </marc:datafield>
    <marc:datafield tag="563" ind1=" " ind2=" ">
      <marc:subfield code="a">Couverture souple</marc:subfield>
    </marc:datafield>
    <marc:datafield tag="590" ind1=" " ind2=" ">
      <marc:subfield code="a">98-28</marc:subfield>
      <marc:subfield code="b">1998-07-10</marc:subfield>
    </marc:datafield>
    <marc:datafield tag="775" ind1="0" ind2="8">
      <marc:subfield code="t">1998 conservation requirements for the Gulf of St. Lawrence groundfish stocks and cod stocks in divisions 2GH, 2J3KL, 3Ps, 4VsW and witch flounder in division 3Ps </marc:subfield>
      <marc:subfield code="w">(CaOODSP)9.646764</marc:subfield>
    </marc:datafield>
    <marc:datafield tag="776" ind1="0" ind2="#">
      <marc:subfield code="t">Impératifs de conservation des stocks de poisson de fond du golfe du Saint-Laurent et des stocks de morue de 2GH, 2J3KL, 3Ps, 4VsW et de la plie grise de 3Ps : </marc:subfield>
      <marc:subfield code="w">(CaOODSP)9.640970</marc:subfield>
    </marc:datafield>
    <marc:datafield tag="986" ind1=" " ind2=" ">
      <marc:subfield code="a">CCHR.98.R.1</marc:subfield>
    </marc:datafield>
  </marc:record>
</marc:collection>
